000 00548nam a2200217Ia 4500
003 OSt
005 20220928141847.0
006 a|||||r|||| 00| 0
007 ta
008 220927b |||||||| |||| 00| 0 eng d
024 _a18130
037 _cTextual
040 _aSDCL
_cSDCL
_beng
041 _2eng
_aeng
082 _aB380bC2,2, L1
100 _aEngland A H
_9502530
245 0 _aComplex variable methods in elasticity.
260 _c1971
942 _hB380bC2,2, L1
_cTEXL
_2CC
999 _c820396
_d820396